000 05940nam a22003614i 4500
001 991061739677706706
003 ES-BaIT
005 20260415133823.0
008 260331s2022 gw r 000 0 spa c
020 _a9783967280302
040 _aES-BaIT
_bcat
_erda
_cES-BaIT
080 _a860-2"16"Calderón de la Barca, Pedro.09
100 1 _aKroll, Simon,
_d1987-
_eautor
_9169264
245 1 0 _aSonido y afecto en Calderón :
_bun estudio de las asonancias /
_cSimon Kroll
264 1 _aKassel :
_bEdition Reichenberger,
_c2022
300 _aix, 285 pàgines ;
_c24 cm
336 _atext
_btxt
_2rdacontent
337 _asense mediació
_bn
_2rdamedia
338 _avolum
_bnc
_2rdacarrier
490 1 _aTeatro del siglo de oro. Estudios de literatura ;
_v145
500 _aÍndex
504 _aBibliografia pàgines: 255-279
505 8 _aConté: Nota — Prefacio -- I. INTRODUCCIÓN --1. Prólogo para todos -- 2. Formulación de la pregunta -- 2.1 ¿Por qué variar las asonancias? -- 2.2 Estado de la cuestión3. Metodología -- 3.1 Leer a todo Calderón -- 3.2 Rimar entre antiguos y modernos -- 3.3 Comentarios paratextuales y metaliterarios -- 3.3.1 Paratextos y cartas -- 3.3.2 El delirio de la rima. Juegos de palabras con terminología métrica -- 3.4 La rima como significante o ¿dónde empieza la semántica? -- 3.4.1 Sonido y afecto -- 3.4.2 La rima como fuerza persuasiva -- 4. Cuestiones de género y frecuencias de sonido -- II. VALORES Y FUNCIONES DE LAS ASONANCIAS CALDERONIANAS -- 1. Romances con vocal tónica en /u/ -- 1.1 Rimas agudas y rimas llanas -- 1.2 Romances en ú-a: malos presagios, escenas de horror -- 1.2.1 Autos sacramentales -- 1.2.2 Comedias mitológicas -- 1.2.3 Comedias caballerescas y novelescas -- 1.2.4 Dramas de honor -- 1.2.5 Obras cómicas: comedias palatinas y de capa y espada -- 1.2.6 Pasajes rimados en ú-e y ú-o -- 2. Romances con vocal tónica en /o/ -- 2.1 Romances en -ó -- 2.1.1 Auto sacramentales -- 2.1.2 Comedias históricas, religiosas, mitológicas y tragedias -- 2.1.3 Obras cómicas -- 2.2 La asonancia en ó-o: sonido de la soberbia -- 2.2.1 Autos sacramentales -- 2.2.2 Comedias religiosas, históricas y mitológicas -- 2.2.3 Obras cómicas -- 2.3 Romances en ó-a -- 2.3.1 Autos sacramentales -- 2.3.2 Comedias novelescas, religiosas y mitológicas -- 2.3.3 Obras cómicas -- 2.4 Romances en ó-e -- 2.4.1 Autos sacramentales -- 2.4.2 Comedias históricas, religiosas y mitológicas -- 2.4.3 Obras cómicas -- 3. Romances «oscuros»: resumen -- 4. Romances en /i/ -- 4.1 La -í aguda -- 4.1.1 Autos sacramentales -- 4.1.2 Comedias mitológicas -- 4.1.3 Comedias novelescas, históricas y tragedias -- 4.1.4 Obras cómicas -- 4.2 Romances en í-o4.2.1 Autos sacramentales4.2.2 Comedias mitológicas4.2.3 Dramas y tragedias4.2.4 Obras cómicas4.3 Romances en í-a4.3.1 Autos sacramentales4.3.2 Comedias religiosas4.3.3 Dramas de honor4.3.4 Obras cómicas4.4 Romances en í-e -- 4.4.1 Autos sacramentales -- 4.4.2 Comedias mitológicas y novelescas -- 4.4.3 Comedias históricas, religiosas, dramas de honor y tragedias -- 4.4.4 Obras cómicas -- 5. Resumen: romances en /i/6. Romances en /e/6.1 Sonidos neutrales6.2 Uso conceptual6.2.1 Eco y Narciso: historia de reflejos6.2.2 Excurso: la investigación científica del eco6.2.3 Espejo sonoro6.3 Uso enfático6.4 Ponderación de oposiciones7. Romances en /a/8. Digresión: las asonancias en las traducciones -- III ARMONÍA, FE Y RIMA -- 1. Audición y fe -- 1.1 El debate entre la vista y el oído -- 1.2 Oído y sonoridad en Calderón -- 1.3 Afecto y conversión -- 2. Armonía -- 2.1 Mito y ciencia -- 2.2 Materialización de la armonía universal en la poesía dramática -- IV BIBLIOGRAFÍA -- Índice onomástico — Índice terminológico
520 _a"El presente estudio trata la función de la sonoridad en el teatro de Pedro Calderón de la Barca. El libro toma el fenómeno de la rima asonante como paradigma de estudio, pero lo aborda desde la perspectiva más amplia de la relación entre sonido, significado y emoción.En Sonido y afecto en Calderón, Simon Kroll se aproxima a la posible función de las asonancias en diferentes fases de escritura y lectura. El libro se divide en tres partes: en la primera, más teórica, se intenta explicar por qué puede ser interesante fijarse en la rima. Las argumentaciones de la incorporación de la rima en la poesía, las posibilidades de que la consonancia y resonancia de un sonido concreto adquieran significado, así como la fuerza persuasiva de la rima son los temas principales de esta primera parte. Ya que tanto en las traducciones como en la neurociencia actual pueden encontrarse acercamientos a los fenómenos sonoros de la poesía dramática barroca, estos temas también son aludidos.La segunda parte se dedica a una revisión detallada de las diferentes asonancias en Calderón, con el fin de hacer visibles, audibles si cabe, las diferentes funciones que debieron de tener las rimas de los romances teatrales calderonianos.En la tercera parte Kroll esboza la cosmovisión que, a su parecer, condiciona el uso del sonido del verso: la armonía universal. Las asonancias o, más ampliamente dicho, el sonido del verso calderoniano, destinado a su pronunciación por los actores en las tablas del barroco, son una bisagra que articula y pone en relación el alma y la armonía; esto es, el cosmos." -- Pàgina web editorial
600 1 7 _aCalderón de la Barca, Pedro,
_d1600-1681
_xCrítica i interpretació
_955331
600 1 0 _aCalderón de la Barca, Pedro,
_d1600-1681
_x Versificació
_2lemac
_9169265
650 0 _aLiteratura dramàtica castellana
_y1500-1700, Segle d'Or
_xHistòria i crítica
_967994
650 0 _aTeatre castellà
_y1500-1700, Segle d'Or
_xHistòria i crítica
_2lemac
_967810
830 _aTeatro del siglo de oro.
_pEstudios de literatura
_v145
_968787
908 _aCDMAE
940 _aCVA2
942 _2udc
_c1
999 _c137376
_d137376